[Event "Aragon-ch Seniors 50+"]
[Site "Zaragoza"]
[Date "2019.05.18"]
[Round "5"]
[White "Castera Montagud, Rafael"]
[Black "Rodriguez Portillo, Jorge"]
[Result "1/2-1/2"]
[WhiteElo "1671"]
[BlackElo "1725"]
[PlyCount "82"]
[EventDate "2019.04.27"]
[EventType "swiss"]
[EventRounds "8"]
[EventCountry "ESP"]
[SourceTitle "EXT 2020"]
[Source "ChessBase"]
[SourceDate "2019.10.17"]
[SourceVersion "1"]
[SourceVersionDate "2019.10.17"]
[SourceQuality "1"]

1. e4 c5 2. Nc3 Nc6 3. Bb5 g6 4. Nf3 Bg7 5. 0-0 Nf6 6. Re1 0-0 7. Bxc6 dxc6 8. d3 Bg4 9. h3 Bxf3 10. Qxf3 e5 11. Bg5 Qd6 12. Nd1 Ne8 13. Ne3 b5 14. Rad1 Nc7 15. Ng4 f6 16. Bh6 Bxh6 17. Nxh6+ Kh8 18. h4 Kg7 19. Ng4 Qe6 20. Qg3 Rae8 21. b3 b4 22. f4 Nb5 23. Rf1 Nd4 24. Rd2 Kh8 25. fxe5 fxe5 26. Rdf2 Rf4 27. Ne3 Ref8 28. Kh1 Rxf2 29. Rxf2 Rxf2 30. Qxf2 Kg7 31. g3 Qf6 32. Kg2 Qxf2+ 33. Kxf2 h5 34. g4 Kf6 35. g5+ Ke6 36. Kg3 Ne2+ 37. Kf2 Nd4 38. Kf1 Nf3 39. Ng2 Nd4 40. Ne1 Nb5 41. Nf3 Nd4 1/2-1/2

[Event "Aragon-ch Seniors-A"]
[Site "Zaragoza"]
[Date "2017.06.03"]
[Round "7"]
[White "Sanchez Valles, Jose Maria"]
[Black "Rodriguez Portillo, Jorge"]
[Result "1-0"]
[WhiteElo "1768"]
[BlackElo "1713"]
[PlyCount "121"]
[EventDate "2017.04.22"]
[EventType "swiss"]
[EventRounds "8"]
[EventCountry "ESP"]
[SourceTitle "EXT 2019"]
[Source "ChessBase"]
[SourceDate "2018.10.10"]
[SourceVersion "1"]
[SourceVersionDate "2018.10.10"]
[SourceQuality "1"]

1. e4 c6 2. Nf3 d5 3. Nc3 dxe4 4. Nxe4 Nd7 5. Bc4 e6 6. 0-0 h6 7. d3 Ngf6 8. Bf4 Nb6 9. Qe2 Nbd5 10. Be5 Be7 11. Rad1 0-0 12. Bb3 Nd7 13. d4 b5 14. Bg3 a5 15. c3 N7f6 16. Bc2 Nxe4 17. Qxe4 f5 18. Qd3 Bf6 19. Be5 Bd7 20. Rfe1 Rc8 21. h3 Bxe5 22. Nxe5 c5 23. Qg3 c4 24. a3 Rf6 25. f4 Be8 26. Rd2 Qb6 27. Kh2 b4 28. axb4 axb4 29. Bd1 bxc3 30. bxc3 Qa5 31. Rc2 Ba4 32. Rc1 Bb3 33. Bxb3 cxb3 34. c4 b2 35. Rb1 Nb6 36. Qb3 Na4 37. Re3 Rff8 38. c5 Rfe8 39. Nc4 Qa8 40. Nxb2 Rb8 41. Qa2 Nxb2 42. Qxa8 Rxa8 43. Rxb2 Rad8 44. Rd2 Rd5 45. Re5 Rxe5 46. dxe5 Rc8 47. Rc2 Kf7 48. g4 g6 49. Kg3 Ke7 50. Kf3 Kd7 51. gxf5 gxf5 52. Kg3 Rg8+ 53. Kh4 h5 54. Rd2+ Ke7 55. c6 Rg1 56. Rd7+ Ke8 57. Rh7 Rc1 58. c7 Rc4 59. Kxh5 Rc3 60. Kg5 Rg3+ 61. Kf6 1-0